Applications of nonlinear programming to optimization and control
Saved in:
| Main Author: | |
|---|---|
| Corporate Author: | |
| Format: | Book |
| Language: | English |
| Published: |
Oxford
Pergamon
1984
|
| Series: | IFAC Proceedings Series
|
| Subjects: | |
| Tags: |
Add Tag
No Tags, Be the first to tag this record!
|
MARC
| LEADER | 00000nam a2200000 a 4500 | ||
|---|---|---|---|
| 001 | UCV6454 | ||
| 003 | CL-VaPUC | ||
| 008 | 920915e19840000UK |||||||||||||||||eng|d | ||
| 082 | 0 | 4 | |a 629.8 |b RAU |2 21 |
| 100 | 0 | |a Rauch, Herbert E |e author |9 300635 | |
| 110 | 2 | |a Federación Internacional de Control Automático |e author |9 300636 | |
| 245 | 1 | 0 | |a Applications of nonlinear programming to optimization and control |
| 300 | |a 147 p | ||
| 942 | |c BK | ||
| 945 | |d 19920915 00:00:00 | ||
| 260 | |a Oxford |b Pergamon |c 1984 | ||
| 650 | 0 | |a Control automático |9 259890 | |
| 650 | 0 | |a Congresos |9 257560 | |
| 650 | 0 | |a Programación no lineal |9 259385 | |
| 650 | 0 | |a Optimización matemática |9 259780 | |
| 583 | |a last modification |c 19920915 00:00:00 |k Rodrigo Vera | ||
| 490 | 0 | |a IFAC Proceedings Series | |
| 999 | |c 212521 |d 212519 | ||
| 952 | |0 0 |1 0 |4 0 |6 629_800000000000000_RAU_1984 |7 0 |8 A |9 193561 |a BIBING |b BIBING |d 2019-11-14 |i 2614774 |o 629.8 RAU 1984 |p 2614774 |r 2025-01-20 |w 2019-11-14 |y BK |k EIE | ||